[Event "Gniezno Powiatu-A"]
[Site "Gniezno"]
[Date "2010.11.14"]
[Round "4.1"]
[White "Sygulski, Artur"]
[Black "Bardeli, Lukasz"]
[Result "1-0"]
[WhiteElo "2372"]
[BlackElo "2332"]
[PlyCount "58"]
[EventDate "2010.11.12"]
[EventType "swiss"]
[EventRounds "5"]
[EventCountry "POL"]
[SourceTitle "EXT 2023"]
[Source "ChessBase"]
[SourceDate "2022.10.05"]
[SourceVersion "1"]
[SourceVersionDate "2022.10.05"]
[SourceQuality "1"]

1. d4 d5 2. c4 e6 3. Nf3 Nf6 4. cxd5 exd5 5. Nc3 Be7 6. Bg5 0-0 7. e3 Nbd7 8. Bd3 Re8 9. 0-0 c6 10. Qc2 Nf8 11. Rab1 a5 12. a3 Ng6 13. Ne5 Ng4 14. Bxe7 Qxe7 15. Nxg4 Bxg4 16. Rbe1 Rad8 17. f4 Bc8 18. Na4 Nf8 19. f5 Nd7 20. Qd2 b5 21. Nc3 Nf6 22. Rf3 Ne4 23. Bxe4 dxe4 24. Rf4 b4 25. axb4 axb4 26. Nxe4 Bxf5 27. Rxf5 Qxe4 28. Rf2 f6 29. Rf4 Qe7 1-0

[Event "POL-chT 2st League"]
[Site "Mrzezyno"]
[Date "2010.09.10"]
[Round "7.11"]
[White "Sygulski, Artur"]
[Black "Siwiec, Arkadiusz"]
[Result "0-1"]
[WhiteElo "2391"]
[BlackElo "2119"]
[PlyCount "146"]
[EventDate "2010.09.04"]
[EventType "team-swiss"]
[EventRounds "9"]
[EventCountry "POL"]
[SourceTitle "EXT 2019"]
[Source "ChessBase"]
[SourceDate "2018.10.10"]
[SourceVersion "1"]
[SourceVersionDate "2018.10.10"]
[SourceQuality "1"]
[WhiteTeam "Koszalin Hetman Politechnika"]
[BlackTeam "Gorzow Wielkopolski Stilon II"]
[WhiteTeamCountry "POL"]
[BlackTeamCountry "POL"]

1. d4 d5 2. Nf3 Nf6 3. c4 e6 4. Nc3 Be7 5. Bg5 h6 6. Bh4 0-0 7. e3 b6 8. cxd5 exd5 9. Bd3 Bb7 10. 0-0 c5 11. Rc1 Nbd7 12. Bb1 Ne4 13. Bxe7 Qxe7 14. dxc5 Nxc3 15. Rxc3 bxc5 16. Qa4 Rfc8 17. Qf4 Rc6 18. Rd1 Rb6 19. Qf5 g6 20. Qc2 Rb8 21. b3 a5 22. Qd3 Bc6 23. Bc2 Nf6 24. Qd2 a4 25. bxa4 Ne4 26. Qe1 Nxc3 27. Qxc3 Ra8 28. h3 Rba6 29. Ne5 Bb7 30. f4 Rc8 31. Bb3 Rd8 32. Rc1 c4 33. Bc2 Qc5 34. Rd1 Rad6 35. Rd4 Bc8 36. Kf2 h5 37. g4 hxg4 38. hxg4 Qc7 39. g5 Qc5 40. Kf3 Kf8 41. Kg3 Ke7 42. Nf3 Rh8 43. e4 Rh3+ 44. Kg2 Rxf3 45. Kxf3 dxe4+ 46. Rxe4+ Be6 47. Qe3 Qf5 48. Kf2 Kf8 49. Rxc4 Qg4 50. Rd4 Qh4+ 51. Ke2 Qh2+ 52. Kd1 Qh1+ 53. Kd2 Rc6 54. Qe2 Qa1 55. Rd8+ Ke7 56. Rd3 Qxa2 57. Rc3 Rd6+ 58. Ke3 Qa1 59. Rd3 Qc1+ 60. Rd2 Bg4 61. Qf2 Re6+ 62. Kd4 Qb2+ 63. Kc4 Rc6+ 64. Kd5 Rd6+ 65. Ke4 Re6+ 66. Kd5 Qb7+ 67. Kc4 Rc6+ 68. Kd3 Rd6+ 69. Kc3 Rc6+ 70. Kd3 Qd7+ 71. Ke3 Rc3+ 72. Ke4 Qe6+ 73. Kd4 Rc4+ 0-1

[Event "Lazy Baltic Pearl op-A 05th"]
[Site "Lazy"]
[Date "2009.06.25"]
[Round "6"]
[White "Sygulski, Artur"]
[Black "Skalik, Przemyslaw"]
[Result "1/2-1/2"]
[WhiteElo "2400"]
[BlackElo "2398"]
[PlyCount "51"]
[EventDate "2009.06.21"]
[EventType "swiss"]
[EventRounds "9"]
[EventCountry "POL"]
[SourceTitle "CBM 131 Extra"]
[Source "ChessBase"]
[SourceDate "2009.09.03"]
[SourceVersion "2"]
[SourceVersionDate "2009.09.16"]
[SourceQuality "1"]

1. Nf3 d5 2. g3 Nf6 3. Bg2 e6 4. c4 Be7 5. 0-0 0-0 6. b3 c5 7. Bb2 b6 8. cxd5 Nxd5 9. d4 Bb7 10. Nbd2 Nc6 11. dxc5 Bxc5 12. a3 a5 13. e4 Nc7 14. e5 Ne7 15. Qc2 Ba6 16. Nc4 Ncd5 17. Ng5 Nf5 18. Ne4 Rc8 19. Nxc5 Rxc5 20. a4 Nb4 21. Qe4 Bxc4 22. bxc4 Qd2 23. Ba3 Rfc8 24. Qb7 Rxc4 25. Qxb6 Qd8 26. Qxd8+ 1/2-1/2

[Event "POL-chT 2nd League"]
[Site "Wysowa"]
[Date "2007.09.03"]
[Round "1"]
[White "Sygulski, Artur"]
[Black "Gunajew, Rafal"]
[Result "1-0"]
[WhiteElo "2398"]
[BlackElo "2249"]
[PlyCount "145"]
[EventDate "2007.09.03"]
[EventType "team-swiss"]
[EventRounds "9"]
[EventCountry "POL"]
[SourceTitle "EXT 2010"]
[Source "ChessBase"]
[SourceDate "2010.11.25"]
[SourceVersion "1"]
[SourceVersionDate "2010.11.25"]
[SourceQuality "1"]
[WhiteTeam "Gniezno LKS Chrobry"]
[BlackTeam "Krakow KKSz 1893"]
[WhiteTeamCountry "POL"]
[BlackTeamCountry "POL"]

1. c4 e5 2. Nc3 Nc6 3. g3 g6 4. Bg2 Bg7 5. Nf3 Nf6 6. d4 exd4 7. Nxd4 0-0 8. 0-0 a6 9. Bf4 Nh5 10. Nxc6 bxc6 11. Be3 Rb8 12. Qd2 Bb7 13. Ba7 Ra8 14. Bd4 Nf6 15. Rad1 d6 16. Qc2 Qc8 17. b4 a5 18. b5 cxb5 19. Bxb7 Qxb7 20. cxb5 Nd7 21. Bxg7 Kxg7 22. Nd5 Nc5 23. b6 cxb6 24. Qb2+ f6 25. Qxb6 Qxb6 26. Nxb6 Rad8 27. Rd2 Rf7 28. Rc1 Rb7 29. Nc4 Ne4 30. Nxa5 Ra7 31. Rd4 Nxg3 32. hxg3 Rxa5 33. Rc7+ Kg8 34. a4 f5 35. Rb4 Re8 36. e3 h5 37. Rd7 Ra6 38. Rbb7 d5 39. Rxd5 Rxa4 40. Rd6 Rg4 41. Kf1 Kf8 42. Rdd7 Kg8 43. Ke2 Kf8 44. Kf3 Kg8 45. Kg2 h4 46. Rg7+ Kh8 47. Rh7+ Kg8 48. Rxh4 Rxh4 49. gxh4 Re4 50. Kg3 Rg4+ 51. Kh3 Rg1 52. Rd7 Kh8 53. Kh2 Ra1 54. Kg3 Rh1 55. f3 Kg8 56. e4 fxe4 57. fxe4 Kf8 58. Kg4 Rg1+ 59. Kf4 Ke8 60. Rh7 Kf8 61. Ke5 Rg4 62. Kd5 Kg8 63. Ra7 Rxh4 64. e5 Rb4 65. Kd6 g5 66. e6 Rd4+ 67. Ke5 Rd1 68. Ra8+ Kg7 69. e7 Re1+ 70. Kd6 Kg6 71. e8Q+ Rxe8 72. Rxe8 Kf5 73. Kd5 1-0

[Event "Zlota Wieza op 49th"]
[Site "Gniezno"]
[Date "2007.05.26"]
[Round "9"]
[White "Siembab, Bartosz"]
[Black "Sygulski, Artur"]
[Result "0-1"]
[WhiteElo "2206"]
[BlackElo "2397"]
[PlyCount "70"]
[EventDate "2007.05.20"]
[EventType "swiss"]
[EventRounds "9"]
[EventCountry "POL"]
[SourceTitle "EXT 2011"]
[Source "ChessBase"]
[SourceDate "2010.11.26"]
[SourceVersion "1"]
[SourceVersionDate "2010.11.26"]
[SourceQuality "1"]

1. e4 d5 2. exd5 Qxd5 3. Nc3 Qd6 4. d4 a6 5. Nf3 Nf6 6. g3 Bg4 7. Bg2 Nc6 8. 0-0 0-0-0 9. h3 Bxf3 10. Qxf3 Qxd4 11. Be3 Qc4 12. Rfd1 Rxd1+ 13. Rxd1 e6 14. Bf1 Ne5 15. Qh1 Qb4 16. Bxa6 Bd6 17. a3 Qxb2 18. Na4 Qxc2 19. Qxb7+ Kd8 20. Rxd6+ cxd6 21. Bb6+ Ke8 22. Qb8+ Ke7 23. Qxh8 Ne8 24. Bb5 Qb1+ 25. Bf1 Nf3+ 26. Kg2 Nd2 27. Ba6 Qe4+ 28. Kg1 Qxa4 29. Be3 Nf3+ 30. Kg2 Ne1+ 31. Kf1 Nc2 32. Be2 Nxe3+ 33. fxe3 Qxa3 34. Qxh7 Qxe3 35. Qh4+ Nf6 0-1

[Event "Obra Zima op"]
[Site "Obra"]
[Date "2007.01.19"]
[Round "4"]
[White "Sygulski, Artur"]
[Black "Bronowicki, Mateusz"]
[Result "1/2-1/2"]
[WhiteElo "2389"]
[BlackElo "2324"]
[PlyCount "81"]
[EventDate "2007.01.18"]
[EventType "swiss"]
[EventRounds "9"]
[EventCountry "POL"]
[SourceTitle "EXT 2011"]
[Source "ChessBase"]
[SourceDate "2010.11.26"]
[SourceVersion "1"]
[SourceVersionDate "2010.11.26"]
[SourceQuality "1"]

1. d4 e6 2. Nf3 Nf6 3. g3 b6 4. Bg2 Bb7 5. c4 Be7 6. 0-0 0-0 7. Qc2 c5 8. dxc5 bxc5 9. Nc3 d6 10. Rd1 Qb6 11. b3 Rd8 12. Bb2 Nc6 13. Rac1 e5 14. e3 Nb4 15. Qb1 Bc6 16. Ng5 Bxg2 17. Kxg2 Qc6+ 18. f3 h6 19. Nge4 Nxe4 20. Qxe4 Qxe4 21. fxe4 f6 22. a3 Na6 23. Nd5 Kf7 24. b4 Rdc8 25. b5 Nc7 26. Nc3 Ne8 27. a4 Bd8 28. Nd5 Nc7 29. Bc3 Nxd5 30. Rxd5 Ke6 31. a5 h5 32. Rcd1 Be7 33. a6 g6 34. Ba5 Bf8 35. Kf3 Be7 36. h3 Rab8 37. g4 h4 38. Ke2 g5 39. R1d3 Ra8 40. Kd2 Rab8 41. Kd1 1/2-1/2

[Event "POL-chT 2nd League"]
[Site "Lublin"]
[Date "2006.09.07"]
[Round "6.8"]
[White "Dobrowolski, Piotr"]
[Black "Sygulski, Artur"]
[Result "1/2-1/2"]
[WhiteElo "2391"]
[BlackElo "2392"]
[PlyCount "58"]
[EventDate "2006.09.02"]
[EventType "team-swiss"]
[EventRounds "9"]
[EventCountry "POL"]
[SourceTitle "EXT 2019"]
[Source "ChessBase"]
[SourceDate "2018.10.10"]
[SourceVersion "1"]
[SourceVersionDate "2018.10.10"]
[SourceQuality "1"]
[WhiteTeam "Wroclaw AZS WSB"]
[BlackTeam "Gniezno LKS Chrobry"]
[WhiteTeamCountry "POL"]
[BlackTeamCountry "POL"]

1. e4 e5 2. Nf3 Nc6 3. Bb5 a6 4. Ba4 Nf6 5. 0-0 d6 6. d4 b5 7. dxe5 dxe5 8. Qxd8+ Nxd8 9. Bb3 Bd6 10. Bg5 Ne6 11. Bxf6 gxf6 12. a4 Rb8 13. axb5 axb5 14. Nc3 c6 15. Ne2 Rg8 16. Ng3 Nf4 17. Ra7 Bb7 18. Rd1 Bc5 19. Bxf7+ Kxf7 20. Rd7+ Ke6 21. Raxb7 Rxb7 22. Rxb7 Rd8 23. h4 Rd1+ 24. Kh2 Rc1 25. Nf5 Rxc2 26. Ng7+ Kd6 27. Ne8+ Ke6 28. Ng7+ Kd6 29. Nf5+ Ke6 1/2-1/2

[Event "BL2-West 9697"]
[Site "Germany"]
[Date "1997.??.??"]
[Round "?.3"]
[White "Sygulski, Artur"]
[Black "Cicak, Slavko"]
[Result "1-0"]
[WhiteElo "2375"]
[BlackElo "2440"]
[PlyCount "57"]
[EventDate "1996.10.??"]
[EventType "team-tourn"]
[EventRounds "9"]
[EventCountry "GER"]
[SourceTitle "GER-chT2"]
[Source "ChessBase"]
[SourceDate "1999.07.01"]
[SourceVersion "1"]
[SourceVersionDate "1999.07.01"]
[SourceQuality "1"]
[WhiteTeam "Herne Sodingen"]
[BlackTeam "Schott Mainz"]
[WhiteTeamCountry "GER"]
[BlackTeamCountry "GER"]

1. d4 Nf6 2. c4 g6 3. Nc3 Bg7 4. g3 0-0 5. Bg2 c5 6. Nf3 cxd4 7. Nxd4 Na6 8. 0-0 d6 9. Rb1 Nc5 10. b4 Ncd7 11. Qb3 Ne5 12. Rd1 Qc7 13. c5 dxc5 14. bxc5 Nc6 15. Ncb5 Qe5 16. Nxc6 bxc6 17. Nd4 Bd7 18. Nxc6 Bxc6 19. Bxc6 Rac8 20. Bf3 Qxc5 21. Ba3 Qe5 22. Qa4 Rc7 23. Bc1 Qf5 24. Be3 Nd7 25. Bg4 Nc5 26. Qa5 Qxg4 27. Qxc7 Na4 28. Rb8 Qxe2 29. Rdd8 1-0

[Event "BL2-West 9697"]
[Site "Germany"]
[Date "1997.??.??"]
[Round "?.3"]
[White "Sygulski, Artur"]
[Black "Grabarczyk, Bogdan"]
[Result "1-0"]
[WhiteElo "2375"]
[BlackElo "2460"]
[PlyCount "117"]
[EventDate "1996.10.??"]
[EventType "team-tourn"]
[EventRounds "9"]
[EventCountry "GER"]
[SourceTitle "GER-chT2"]
[Source "ChessBase"]
[SourceDate "1999.07.01"]
[SourceVersion "1"]
[SourceVersionDate "1999.07.01"]
[SourceQuality "1"]
[WhiteTeam "Herne Sodingen"]
[BlackTeam "Griesheim"]
[WhiteTeamCountry "GER"]
[BlackTeamCountry "GER"]

1. d4 Nf6 2. c4 g6 3. Nc3 Bg7 4. Nf3 0-0 5. g3 d6 6. Bg2 Nbd7 7. 0-0 e5 8. e4 c6 9. Qc2 exd4 10. Nxd4 Nc5 11. Rd1 Qe7 12. Bf4 Nfd7 13. Rac1 Re8 14. Nde2 Ne5 15. b3 Ne6 16. Be3 Ng4 17. Qd2 h5 18. Qxd6 Qxd6 19. Rxd6 Nxe3 20. fxe3 Ng5 21. h4 Nh7 22. Bf3 Nf6 23. Rcd1 Ng4 24. Rd8 Be6 25. Rxa8 Rxa8 26. Bxg4 Bxg4 27. Rd3 Kf8 28. Kf2 Ke7 29. Nf4 Be5 30. Nce2 a5 31. Nd4 Rd8 32. c5 Bc7 33. Rc3 Kf6 34. Rc4 Ra8 35. Nf3 Re8 36. Rd4 Kg7 37. e5 Bxe5 38. Nxe5 Rxe5 39. Rc4 Bf5 40. Kf3 Bg4+ 41. Kf2 Kf6 42. e4 g5 43. Nd3 Re8 44. Ra4 gxh4 45. gxh4 Bc8 46. Ke3 Rg8 47. Rxa5 Rg3+ 48. Ke2 Rg4 49. Nf2 Rxh4 50. Ra8 Be6 51. Kf3 Ke5 52. Kg3 Rxe4 53. Nxe4 Kxe4 54. Rb8 Kd4 55. Rxb7 Kxc5 56. a4 Kd6 57. a5 c5 58. a6 Bc8 59. Rb8 1-0

[Event "Ruhrgebiet VK2 9798"]
[Site "Ruhrgebiet"]
[Date "1997.??.??"]
[Round "?"]
[White "Sygulski, Artur"]
[Black "Kilian, Ralf"]
[Result "1-0"]
[WhiteElo "2385"]
[BlackElo "2275"]
[PlyCount "56"]
[EventDate "1997.??.??"]
[EventType "team-tourn"]
[EventRounds "9"]
[EventCountry "GER"]
[SourceTitle "EXT 2002"]
[Source "ChessBase"]
[SourceDate "2001.11.25"]
[SourceVersion "1"]
[SourceVersionDate "2001.11.25"]
[SourceQuality "1"]

1. d4 Nf6 2. c4 e6 3. Nf3 b6 4. Nc3 Bb4 5. Bd2 0-0 6. e3 Bb7 7. Rc1 d6 8. Be2 Nbd7 9. 0-0 a6 10. a3 Bxc3 11. Bxc3 Ne4 12. Nd2 Ndf6 13. Nxe4 Nxe4 14. f3 Nxc3 15. Rxc3 Qf6 16. c5 dxc5 17. dxc5 Rad8 18. Qc1 e5 19. cxb6 cxb6 20. Rc7 Rc8 21. Rd1 e4 22. f4 b5 23. Rd4 g6 24. h3 Qb6 25. Rxc8 Rxc8 26. Qd2 Qc5 27. Kf2 Kg7 28. Rd7 Rc7 1-0

[Event "Oberliga NRW 9495 I"]
[Site "Germany"]
[Date "1995.??.??"]
[Round "6.1"]
[White "Sygulski, Artur"]
[Black "Wolter, Kai"]
[Result "1/2-1/2"]
[WhiteElo "2360"]
[BlackElo "2245"]
[PlyCount "83"]
[EventDate "1994.10.??"]
[EventType "team-tourn"]
[EventRounds "9"]
[EventCountry "GER"]
[SourceTitle "GER"]
[Source "ChessBase"]
[SourceDate "1999.07.01"]
[SourceVersion "1"]
[SourceVersionDate "1999.07.01"]
[SourceQuality "1"]
[WhiteTeam "Sodingen"]
[BlackTeam "Muenster II"]
[WhiteTeamCountry "GER"]
[BlackTeamCountry "GER"]

1. d4 Nf6 2. c4 g6 3. Nc3 Bg7 4. e4 d6 5. Be2 0-0 6. Nf3 e5 7. dxe5 dxe5 8. Qxd8 Rxd8 9. Bg5 c6 10. Nxe5 Re8 11. 0-0-0 Na6 12. f4 h6 13. Bh4 g5 14. fxg5 hxg5 15. Bg3 Nc5 16. Rhf1 Be6 17. Nf3 Nfxe4 18. Nxe4 Nxe4 19. Nd4 Nxg3 20. hxg3 Bxd4 21. Rxd4 Rad8 22. Rxd8 Rxd8 23. Kc2 c5 24. Kc3 b6 25. a3 Kf8 26. b4 Ke7 27. bxc5 bxc5 28. Rb1 Kd6 29. Rd1+ Kc7 30. Rxd8 Kxd8 31. g4 Kc7 32. g3 Kd6 33. Kd3 Ke5 34. Ke3 f6 35. Kd3 Bd7 36. Ke3 Bc6 37. Bf1 Be4 38. Be2 Bg6 39. Bf3 Bc2 40. Be2 Ba4 41. Kd3 Bc6 42. Ke3 1/2-1/2

[Event "Oberliga NRW 9596 I"]
[Site "Germany"]
[Date "1995.??.??"]
[Round "?.2"]
[White "Wehmeier, Stefan"]
[Black "Sygulski, Artur"]
[Result "0-1"]
[WhiteElo "2410"]
[BlackElo "2360"]
[PlyCount "68"]
[EventDate "1995.10.??"]
[EventType "team-tourn"]
[EventRounds "9"]
[EventCountry "GER"]
[SourceTitle "GER"]
[Source "ChessBase"]
[SourceDate "1999.07.01"]
[SourceVersion "1"]
[SourceVersionDate "1999.07.01"]
[SourceQuality "1"]
[WhiteTeam "Lippstadt Turm"]
[BlackTeam "Sodingen"]
[WhiteTeamCountry "GER"]
[BlackTeamCountry "GER"]

1. d4 Nf6 2. c4 g6 3. Nc3 d5 4. g4 dxc4 5. h3 Bg7 6. e4 0-0 7. Bxc4 c5 8. d5 b5 9. Bxb5 Nxe4 10. Nxe4 Qa5+ 11. Nc3 Bxc3+ 12. bxc3 Qxb5 13. Be3 Ba6 14. Qe2 Qa4 15. Qd2 Nd7 16. f4 Nf6 17. Rh2 Rfd8 18. Qc2 Qxc2 19. Rxc2 Nxd5 20. Kf2 Bd3 21. Rcc1 Rab8 22. Bxc5 Rb2+ 23. Kg3 Nf6 24. Bxa7 Be4 25. Bd4 Rg2+ 26. Kh4 Rd5 27. Re1 h6 28. Bxf6 exf6 29. f5 Bxf5 30. Re2 g5+ 31. Kh5 Rxe2 32. Nxe2 Bd3 33. Ng3 Kh7 34. Nf5 Rxf5 0-1

[Event "Oberliga NRW 9091 II"]
[Site "Germany"]
[Date "1991.??.??"]
[Round "?"]
[White "Brendel, Oliver"]
[Black "Sygulski, Artur"]
[Result "0-1"]
[WhiteElo "2325"]
[BlackElo "2360"]
[PlyCount "80"]
[EventDate "1990.10.??"]
[EventType "team-tourn"]
[EventRounds "11"]
[EventCountry "GER"]
[SourceTitle "TD"]
[Source "ChessBase"]
[SourceDate "1994.03.01"]
[SourceVersion "1"]
[SourceVersionDate "1994.03.01"]
[SourceQuality "1"]

1. e4 d5 2. exd5 Qxd5 3. Nc3 Qd6 4. d4 Nf6 5. Nf3 Bg4 6. h3 Bxf3 7. Qxf3 c6 8. Bd2 e6 9. 0-0-0 Qc7 10. g4 Bd6 11. Ne4 Nxe4 12. Qxe4 Nd7 13. f4 0-0-0 14. f5 e5 15. dxe5 Bxe5 16. Bg2 Qb6 17. Qb4 Qf2 18. Be4 Rhe8 19. Rhf1 Qh2 20. Qa4 Nc5 21. Qxa7 Nxe4 22. Ba5 Bb8 23. Rxd8+ Rxd8 24. Qe3 Re8 25. Qb3 Qf4+ 26. Kb1 Nd2+ 27. Bxd2 Qxd2 28. a4 Re1+ 29. Rxe1 Qxe1+ 30. Ka2 Qe7 31. a5 Bc7 32. Qa4 Qe2 33. Qb3 Qe7 34. Qa4 Qe5 35. a6 bxa6 36. Qxa6+ Kd7 37. Qf1 h6 38. Kb1 Qd5 39. h4 Qe4 40. Qd1+ Ke7 0-1

[Event "Oberliga NRW 8990 II"]
[Site "Germany"]
[Date "1990.??.??"]
[Round "1"]
[White "Kassebaum, Roman"]
[Black "Sygulski, Artur"]
[Result "0-1"]
[WhiteElo "2230"]
[BlackElo "2450"]
[PlyCount "128"]
[EventDate "1989.10.??"]
[EventType "team-tourn"]
[EventRounds "9"]
[EventCountry "GER"]
[SourceTitle "EXT 1997"]
[Source "ChessBase"]
[SourceDate "1996.11.15"]
[SourceVersion "1"]
[SourceVersionDate "1996.11.15"]
[SourceQuality "1"]
[WhiteTeam "Buende"]
[BlackTeam "Eichbaum"]
[WhiteTeamCountry "GER"]
[BlackTeamCountry "GER"]

1. e4 d6 2. d4 Nf6 3. Nc3 c6 4. Bc4 d5 5. exd5 cxd5 6. Be2 Nc6 7. Nf3 Bg4 8. 0-0 e6 9. Bg5 Be7 10. Ne5 Bxe2 11. Nxe2 Ne4 12. Bxe7 Qxe7 13. c3 0-0 14. f3 Nd6 15. Nxc6 bxc6 16. Re1 Rfb8 17. b3 Qc7 18. Rc1 c5 19. Qd2 a5 20. Kh1 a4 21. c4 dxc4 22. bxc4 a3 23. dxc5 Qxc5 24. Rc2 Nf5 25. Ng3 Rd8 26. Qf2 Qxf2 27. Rxf2 Nd4 28. Rd2 Rac8 29. Rc1 f5 30. h3 Nc6 31. Re2 Kf7 32. Nf1 Rd3 33. Rd2 Rxd2 34. Nxd2 Nb4 35. Rb1 Rd8 36. Nf1 Nxa2 37. Ra1 Nb4 38. Rxa3 Rd1 39. Kg1 Rc1 40. Kf2 Rxc4 41. Ne3 Rd4 42. Ke2 h5 43. g4 fxg4 44. fxg4 Nd5 45. Nxd5 Rxd5 46. gxh5 Rxh5 47. Rf3+ Rf5 48. Ra3 Kf6 49. Ra7 Rf4 50. Ra5 e5 51. Ra6+ Kf5 52. Ra7 g6 53. Ra3 Kg5 54. Ra5 Kh4 55. Rxe5 Kxh3 56. Rg5 Rg4 57. Re5 Kg2 58. Re6 g5 59. Re5 Rg3 60. Ra5 g4 61. Rg5 Kh2 62. Rh5+ Rh3 63. Rg5 g3 64. Kf3 Rh8 0-1